Acts of discovery : visions of America in the Lewis and Clark journals /

Bibliographic Details
Main Author: Furtwangler, Albert, 1942-
Format: Book
Language:English
Published: Urbana : University of Illinois Press, [1993]
Subjects:

MARC

Tag First Indicator Second Indicator Subfields
LEADER 00000cam a2200000 a 4500
001 in00001146421
005 20150930094913.0
008 920820s1993 iluab b s001 0 eng
010 |a  92029916  
020 |a 0252020022 (cl : acid-free paper) 
020 |a 0252063066 (pb) 
035 |a (OCoLC)26541952 
035 |9 AGB4046AM 
040 |a DLC  |c DLC  |d TXA  |d UtOrBLW 
043 |a n-usp-- 
049 |a TXAM 
050 0 0 |a F592.7  |b .F86 1993 
082 0 0 |a 917.804/2  |2 20 
100 1 |a Furtwangler, Albert,  |d 1942- 
245 1 0 |a Acts of discovery :  |b visions of America in the Lewis and Clark journals /  |c Albert Furtwangler. 
264 1 |a Urbana :  |b University of Illinois Press,  |c [1993] 
264 4 |c ©1993 
300 |a xi, 276 pages :  |b illustrations, maps ;  |c 24 cm. 
336 |a text  |b txt  |2 rdacontent 
337 |a unmediated  |b n  |2 rdamedia 
338 |a volume  |b nc  |2 rdacarrier 
504 |a Includes bibliographical references (pages 247-267) and index. 
611 2 0 |a Lewis and Clark Expedition  |d (1804-1806) 
600 1 0 |a Lewis, Meriwether,  |d 1774-1809  |x Diaries  |x History and criticism. 
600 1 0 |a Clark, William,  |d 1770-1838  |x Diaries  |x History and criticism. 
651 0 |a West (U.S.)  |x Description and travel. 
999 |a MARS 
999 f f |s 71b1fc07-92af-32a8-83ab-c4bbf352af23  |i 4afdda6e-c6e9-3b02-851b-b68ad6673607  |t 0 
952 f f |p ric  |a Texas A&M University  |b Rellis Campus  |c Joint Library Facility  |d Remote Storage  |t 0  |e F592.7 .F86 1993  |h Library of Congress classification  |i unmediated -- volume  |m A14820771262 
998 f f |a F592.7 .F86 1993  |t 0  |l Remote Storage